000 00664nam a2200193Ii 4500
003 JO-AjNU
008 230605s9999||||xx |||||||||||||| ||und||
040 _aJO-AjNU
_bara
_erda
_cJO-AjNU
041 _aara
050 1 4 _aPJ7826
100 3 _aمجلة الشريعة,
_eauthor
_948098
245 0 0 _aالوطن والقائد في قلوب أبنائه
264 3 1 _aعمان: مجلة الشريعة، د.ت
300 _a83ص
336 _atext
_btxt
_2rdacontent
337 _aunmediated
_bn
_2rdamedia
338 _avolume
_bnc
_2rdacarrier
650 4 _aالادب العربي - الشعر الحديث - قصائد للوطن وقائد الاردن
_948099
999 _aA21041
_c24609
_d24609